000 00337nam a2200097Ia 4500
082 _a649.3 OCON
245 0 _aEat right, don't fight : a practical guide to feeding children from birth to the preschool years
100 _a O'CONNELL, Jan Sydney (NSW), 2003
_996457
942 _cBK
008 210817s9999 xx 000 0 und d
999 _c405189
_d405188